[Event "World Youth Chess Championship 2016 G16"]
[Site "Khanty Mansiysk"]
[Date "2016.09.22"]
[Round "1.29"]
[White "Nguyen, Hong Ngoc"]
[Black "Horn, Caro"]
[Result "1-0"]
[WhiteElo "1807"]
[BlackElo "1229"]
[PlyCount "101"]
[EventDate "2016.09.22"]

1. d4 d5 2. c4 e6 3. Nf3 c5 4. dxc5 Bxc5 5. e3 Nc6 6. Nc3 Nge7 7. Be2 dxc4 8.
Qxd8+ Nxd8 9. Bxc4 Ndc6 10. O-O O-O 11. Rd1 b6 12. b3 Bb7 13. Bb2 Bb4 14. Nb5
Rac8 15. a3 a6 16. axb4 axb5 17. Bxb5 Nxb4 18. Ne5 Bc6 19. Bxc6 Nbxc6 20. Nd7
Rfd8 21. Nxb6 Rb8 22. Rxd8+ Rxd8 23. Kf1 h6 24. Ra8 Rxa8 25. Nxa8 Na5 26. b4
Nc4 27. Bd4 e5 28. Bc5 Nc8 29. Ke2 e4 30. b5 f5 31. Kd1 Nb2+ 32. Kd2 Nc4+ 33.
Kc3 N4d6 34. Nc7 Nb7 35. Kd4 Ncd6 36. Bxd6 Nxd6 37. Ke5 Nf7+ 38. Kxf5 Nd6+ 39.
Ke5 Nf7+ 40. Kxe4 Nd8 41. Kd5 Kf7 42. Kd6 Kf6 43. Kd7 Nb7 44. Ne8+ Kf7 45. Nd6+
Nxd6 46. Kxd6 Kf6 47. b6 Kf5 48. b7 g5 49. b8=Q Ke4 50. Qb3 Kf5 51. Qe6# 1-0

[Event "World Youth Chess Championship 2016 G18"]
[Site "Khanty Mansiysk"]
[Date "2016.09.22"]
[Round "1.5"]
[White "Nguyen, Thanh Thuy Tien"]
[Black "Assaubayeva, Bibisara"]
[Result "0-1"]
[WhiteElo "1978"]
[BlackElo "2287"]
[PlyCount "98"]
[EventDate "2016.09.22"]

1. e4 e5 2. Nf3 Nc6 3. Bb5 a6 4. Ba4 Nf6 5. O-O b5 6. Bb3 Bb7 7. c3 Nxe4 8. d4
exd4 9. Re1 d5 10. Nxd4 Nxd4 11. Qxd4 c5 12. Qe5+ Qe7 13. Qf4 Qe6 14. f3 c4 15.
Bc2 Bd6 16. Qh4 f5 17. fxe4 dxe4 18. Be3 O-O 19. Nd2 Rf6 20. b3 Be5 21. bxc4
Bxc3 22. Rab1 b4 23. Re2 Rg6 24. Rf1 Rg4 25. Qf2 f4 26. Bxf4 e3 27. Bxe3 Rxg2+
28. Qxg2 Bxg2 29. Kxg2 Bxd2 30. Bf5 Qc6+ 31. Kg1 Bxe3+ 32. Rxe3 Qc5 33. Be6+
Kh8 34. Rff3 Rf8 35. Rxf8+ Qxf8 36. Kg2 Qc5 37. Kf3 g5 38. Bd5 Kg7 39. Re5 Qg1
40. Re2 a5 41. Rg2 Qc1 42. Ke4 a4 43. Kf5 h6 44. Rg4 b3 45. axb3 axb3 46. h4
Qf1+ 47. Ke5 Qf6+ 48. Ke4 b2 49. Rg1 Qg6+ 0-1

[Event "World Youth Chess Championship 2016 G18"]
[Site "Khanty Mansiysk"]
[Date "2016.09.22"]
[Round "1.21"]
[White "Shivacheva, Donika"]
[Black "Tao, Rachel Long-Xin"]
[Result "1-0"]
[WhiteElo "2063"]
[BlackElo "1649"]
[PlyCount "125"]
[EventDate "2016.09.22"]

1. e4 c5 2. Nc3 Nc6 3. f4 e6 4. Nf3 d6 5. Bb5 Nge7 6. d3 g6 7. O-O Bg7 8. Qe1
O-O 9. Bxc6 Nxc6 10. Nd1 b5 11. Ne3 Re8 12. Qg3 Ne7 13. Rb1 f5 14. Qh3 e5 15.
Qh4 fxe4 16. Ng5 h6 17. Nxe4 Nf5 18. Qxd8 Rxd8 19. fxe5 Bxe5 20. Ng4 Bd4+ 21.
Kh1 g5 22. c3 Bg7 23. Ngf6+ Bxf6 24. Nxf6+ Kg7 25. Nd5 Bd7 26. b3 Rf8 27. Bb2
Kh7 28. Kg1 Rae8 29. c4 Kg6 30. Nf6 Rxf6 31. Bxf6 Kxf6 32. g4 Re3 33. Rbd1 Kg6
34. gxf5+ Bxf5 35. Rf2 Bxd3 36. Rfd2 bxc4 37. bxc4 Bxc4 38. Rxd6+ Kh5 39. Rc1
Bxa2 40. Rxc5 Ra3 41. Rcc6 a5 42. Rxh6+ Kg4 43. Rc5 a4 44. Rg6 Bb3 45. Rcxg5+
Kf3 46. Rg3+ Kf4 47. R6g4+ Ke5 48. h4 Ra1+ 49. Kf2 Bd1 50. Rg5+ Kf6 51. h5 a3
52. Rg6+ Kf7 53. h6 Bc2 54. Rg7+ Kf6 55. Ra7 a2 56. Ra6+ Ke5 57. Rh3 Bh7 58.
Rh5+ Kd4 59. Rha5 Bg8 60. Ra8 Rh1 61. Rxg8 a1=Q 62. Rxa1 Rxa1 63. h7 1-0

[Event "World Youth Chess Championship 2016 O14"]
[Site "Khanty Mansiysk"]
[Date "2016.09.22"]
[Round "1.5"]
[White "Lomasov, Semen"]
[Black "Salimov, Ruslan"]
[Result "1-0"]
[WhiteElo "2393"]
[BlackElo "2026"]
[PlyCount "79"]
[EventDate "2016.09.22"]

1. e4 d6 2. d4 Nf6 3. Nc3 c6 4. g3 Nbd7 5. Bg2 e5 6. Nge2 Be7 7. O-O O-O 8. a4
b6 9. h3 Bb7 10. Be3 a6 11. d5 cxd5 12. exd5 Rc8 13. g4 Ne8 14. Ng3 g6 15. Bh6
Ng7 16. Nce4 Nf6 17. Qd2 Nxe4 18. Bxe4 Qd7 19. Kh2 Bh4 20. Rg1 Bxg3+ 21. Rxg3
Rc4 22. Qe2 Rxa4 23. Rxa4 Qxa4 24. Rb3 b5 25. Qf3 f6 26. h4 Rf7 27. Qg2 Bc8 28.
Rc3 Bd7 29. Ra3 Qc4 30. Rxa6 Qc7 31. h5 g5 32. Bxg7 Kxg7 33. h6+ Kg8 34. Ra8+
Bc8 35. Qf3 Rf8 36. Qd3 Qb7 37. Qa3 Bxg4 38. Rxf8+ Kxf8 39. Qxd6+ Kf7 40. Bxh7
1-0

[Event "World Youth Chess Championship 2016 O14"]
[Site "Khanty Mansiysk"]
[Date "2016.09.22"]
[Round "1.6"]
[White "Nielsen, Andre"]
[Black "Iniyan, P."]
[Result "0-1"]
[WhiteElo "2025"]
[BlackElo "2368"]
[PlyCount "88"]
[EventDate "2016.09.22"]

1. e4 c5 2. Nf3 d6 3. d4 cxd4 4. Nxd4 Nf6 5. Nc3 a6 6. Bc4 e6 7. Bb3 b5 8. O-O
Be7 9. Qf3 Qc7 10. Qg3 O-O 11. Bh6 Ne8 12. Be3 Nf6 13. a3 Nc6 14. Rad1 Bb7 15.
f3 Kh8 16. Nce2 Rg8 17. Nxc6 Bxc6 18. Nd4 Bb7 19. Rfe1 Nd7 20. Bg5 Bxg5 21.
Qxg5 Nc5 22. Re2 Rge8 23. Red2 Qb6 24. Kh1 b4 25. Ne2 Nxb3 26. cxb3 d5 27. exd5
Bxd5 28. Nd4 h6 29. Qg3 Rac8 30. a4 Qc7 31. f4 Red8 32. Qe3 Qb7 33. Qe2 Rd7 34.
f5 exf5 35. Nxf5 Rcd8 36. Ne3 Bxb3 37. Rxd7 Rxd7 38. Rxd7 Qxd7 39. Qxa6 Qd2 40.
Nf1 Qxb2 41. Qa8+ Kh7 42. Qe4+ g6 43. Qf3 Qc1 44. Kg1 Bc4 0-1

[Event "World Youth Chess Championship 2016 O14"]
[Site "Khanty Mansiysk"]
[Date "2016.09.22"]
[Round "1.7"]
[White "Teclaf, Pawel"]
[Black "Neelash, Saha"]
[Result "0-1"]
[WhiteElo "2342"]
[BlackElo "2020"]
[PlyCount "95"]
[EventDate "2016.09.22"]

1. e4 e6 2. d4 d5 3. Nd2 Be7 4. Bd3 c5 5. dxc5 Nf6 6. Qe2 O-O 7. Ngf3 a5 8. a4
Na6 9. e5 Nd7 10. Nb3 Naxc5 11. Nxc5 Nxc5 12. Bb5 Bd7 13. Be3 Qe8 14. Nd4 f6
15. exf6 Rxf6 16. Bxd7 Qxd7 17. Nb5 e5 18. O-O Ne6 19. c3 b6 20. Rad1 Qc6 21.
Rd2 Rd8 22. Rfd1 Rg6 23. Qf3 Rf6 24. Qh5 Rg6 25. g3 Bg5 26. Qe2 Bxe3 27. fxe3
Ng5 28. Qg2 e4 29. Kh1 Nf3 30. Nd4 Qxa4 31. Nxf3 exf3 32. Qxf3 Rf6 33. Qg2 Re6
34. Rd4 Qb3 35. Rf1 Rxe3 36. Qf2 Ree8 37. Qf7+ Kh8 38. Rg4 Rg8 39. Rh4 Qc2 40.
Rf5 Rd6 41. Rhf4 h6 42. Qc7 Rdd8 43. Re5 Qxb2 44. Rf6 Qc1+ 45. Kg2 Rde8 46.
Rxe8 gxf6 47. Re7 Qc2+ 48. Kh3 0-1

[Event "World Youth Chess Championship 2016 O14"]
[Site "Khanty Mansiysk"]
[Date "2016.09.22"]
[Round "1.8"]
[White "Piyumantha, M Sasith Nipun"]
[Black "Zarubitski, Viachaslau"]
[Result "0-1"]
[WhiteElo "2017"]
[BlackElo "2340"]
[PlyCount "66"]
[EventDate "2016.09.22"]

1. d4 d5 2. c4 c6 3. cxd5 cxd5 4. Nc3 Nf6 5. Bf4 Nc6 6. Nf3 Bf5 7. e3 e6 8. Bd3
Bxd3 9. Qxd3 Bd6 10. Bxd6 Qxd6 11. O-O O-O 12. Rfc1 Rfd8 13. h3 Rac8 14. a3 Na5
15. Nd2 Nc4 16. Nb5 Qb6 17. Nxc4 dxc4 18. Rxc4 a6 19. Nc3 Qxb2 20. Rb1 Qxa3 21.
Rxb7 Nd5 22. Rxc8 Rxc8 23. Nxd5 Qxd3 24. Ne7+ Kf8 25. Nxc8 Qd1+ 26. Kh2 Qc2 27.
Nd6 Qc6 28. Rxf7+ Kg8 29. Nb7 Qe8 30. Rf4 Qb8 31. Nc5 g5 32. Nd7 Qc7 33. Nf6+
Kh8 0-1

[Event "World Youth Chess Championship 2016 O14"]
[Site "Khanty Mansiysk"]
[Date "2016.09.22"]
[Round "1.9"]
[White "Shubin, Kirill"]
[Black "Emanuel, Yahav"]
[Result "1/2-1/2"]
[WhiteElo "2304"]
[BlackElo "2014"]
[PlyCount "81"]
[EventDate "2016.09.22"]

1. e4 e5 2. Nf3 Nc6 3. Bb5 Bc5 4. O-O Nf6 5. d3 Nd4 6. Nxd4 Bxd4 7. c3 Bb6 8.
Qe2 O-O 9. Bg5 d6 10. Nd2 a6 11. Bc4 Be6 12. Kh1 h6 13. Be3 Bxe3 14. fxe3 Qe7
15. a4 Rad8 16. Bxe6 fxe6 17. d4 Nd7 18. Nf3 Rf7 19. Qc4 c6 20. Qb4 Nf6 21.
dxe5 Ng4 22. exd6 Qxd6 23. Qxd6 Rxd6 24. e5 Rd3 25. e4 Ne3 26. Rf2 Rfd7 27. Re1
Rd1 28. Rfe2 Rxe1+ 29. Rxe1 Nc4 30. b3 Na5 31. Nd4 Kf7 32. Rb1 c5 33. Nf3 c4
34. bxc4 Rd3 35. Rc1 Nb3 36. Rf1 Rxc3 37. Nh4+ Ke8 38. Ng6 Rc1 39. Rxc1 Nxc1
40. Nf4 Kf7 41. h4 1/2-1/2

[Event "World Youth Chess Championship 2016 O14"]
[Site "Khanty Mansiysk"]
[Date "2016.09.22"]
[Round "1.10"]
[White "Thybo, Thomas Sondergaard"]
[Black "Davtyan, Artur"]
[Result "0-1"]
[WhiteElo "1971"]
[BlackElo "2280"]
[PlyCount "52"]
[EventDate "2016.09.22"]

1. e4 c5 2. Nc3 a6 3. g3 b5 4. Bg2 Bb7 5. d3 d6 6. a3 e6 7. Nge2 Nf6 8. O-O Nc6
9. h3 Be7 10. f4 d5 11. exd5 exd5 12. Kh2 O-O 13. d4 Nxd4 14. Nxd4 cxd4 15.
Qxd4 Rc8 16. Bd2 Ne4 17. Rad1 Bf6 18. Qd3 Nxd2 19. Rxd2 Bxc3 20. bxc3 Qa5 21.
f5 Rxc3 22. Qd4 Qc7 23. Rd3 Rc4 24. Qe3 Rxc2 25. Kg1 Rxg2+ 26. Kxg2 d4+ 0-1

[Event "World Youth Chess Championship 2016 O14"]
[Site "Khanty Mansiysk"]
[Date "2016.09.22"]
[Round "1.11"]
[White "Peng, David T"]
[Black "Tarun, V Kanth"]
[Result "0-1"]
[WhiteElo "2273"]
[BlackElo "1954"]
[PlyCount "70"]
[EventDate "2016.09.22"]

1. e4 e6 2. d4 d5 3. Nd2 Nf6 4. e5 Nfd7 5. Bd3 c5 6. c3 Nc6 7. Ne2 cxd4 8. cxd4
f6 9. exf6 Nxf6 10. O-O Bd6 11. Nf3 Qc7 12. g3 O-O 13. Bf4 Ng4 14. Rc1 Bxf4 15.
Nxf4 Rxf4 16. gxf4 Qxf4 17. Rc3 e5 18. Qd2 Qxd2 19. Nxd2 exd4 20. Rc5 Nf6 21.
Re1 Bd7 22. f3 a6 23. Bb1 Kf7 24. Nb3 g6 25. Rd1 Re8 26. Rcc1 Re2 27. Rc2 Re3
28. Kf2 Rxf3+ 29. Kxf3 Bg4+ 30. Kf2 Bxd1 31. Rd2 Bxb3 32. axb3 Ne4+ 33. Bxe4
dxe4 34. Rd1 e3+ 35. Kf3 Ke6 0-1

[Event "World Youth Chess Championship 2016 O14"]
[Site "Khanty Mansiysk"]
[Date "2016.09.22"]
[Round "1.12"]
[White "Fomin, Maxim"]
[Black "Miyasaka, Marcus M"]
[Result "1/2-1/2"]
[WhiteElo "1941"]
[BlackElo "2269"]
[PlyCount "30"]
[EventDate "2016.09.22"]

1. d4 Nf6 2. c4 e6 3. Nc3 Bb4 4. Qc2 O-O 5. Nf3 c5 6. e3 d5 7. cxd5 cxd4 8.
Nxd4 Nxd5 9. Bd2 Nxc3 10. Bxc3 Qa5 11. Rc1 Bd7 12. a3 Bxc3+ 13. Qxc3 Qxc3+ 14.
Rxc3 Nc6 15. Bb5 Rab8 1/2-1/2

[Event "World Youth Chess Championship 2016 O14"]
[Site "Khanty Mansiysk"]
[Date "2016.09.22"]
[Round "1.13"]
[White "Ivic, Velimir"]
[Black "Ismagilov, Damir"]
[Result "0-1"]
[WhiteElo "2264"]
[BlackElo "1927"]
[PlyCount "92"]
[EventDate "2016.09.22"]

1. Nf3 Nf6 2. g3 g6 3. Bg2 Bg7 4. O-O O-O 5. d3 d5 6. Nbd2 c5 7. e4 Nc6 8. Re1
dxe4 9. dxe4 Bg4 10. h3 Bxf3 11. Bxf3 Qc7 12. Bg2 Rad8 13. f4 Nh5 14. c3 Nxg3
15. Qf3 Nh5 16. Nf1 Bh6 17. e5 f6 18. Qg4 fxe5 19. f5 Kg7 20. fxg6 hxg6 21. Be4
Rf6 22. Bxh6+ Kxh6 23. Ne3 Nf4 24. Kh1 Rh8 25. Rg1 Kg7 26. Nd5 Nxh3 27. Qxg6+
Rxg6 28. Rxg6+ Kf7 29. Nxc7 Nf4+ 30. Kg1 Nxg6 31. Rd1 Rd8 32. Bd5+ Kf6 33. Rf1+
Nf4 34. Bb3 a6 35. Nd5+ Kg5 36. Ne3 e4 37. Kh2 Rh8+ 38. Kg1 Ne5 39. Bd1 Rh3 40.
Ng2 Rg3 41. Rxf4 Rxg2+ 42. Kxg2 Kxf4 43. Kf2 Nd3+ 44. Ke2 Nxb2 45. Bc2 Nd3 46.
Bb3 Nc1+ 0-1

[Event "World Youth Chess Championship 2016 O14"]
[Site "Khanty Mansiysk"]
[Date "2016.09.22"]
[Round "1.14"]
[White "Nanayakkara, J A K Saranath"]
[Black "Blohberger, Felix"]
[Result "1/2-1/2"]
[WhiteElo "1923"]
[BlackElo "2256"]
[PlyCount "46"]
[EventDate "2016.09.22"]

1. Nf3 c5 2. g3 g6 3. Bg2 Bg7 4. O-O Nc6 5. d3 d6 6. e4 Nf6 7. Re1 O-O 8. c3
Rb8 9. d4 Bg4 10. h3 Bxf3 11. Bxf3 cxd4 12. cxd4 Nd7 13. d5 Nce5 14. Be2 Nc5
15. Nc3 Qd7 16. Bf1 b5 17. a4 b4 18. Nb5 f5 19. f4 Nxe4 20. fxe5 Bxe5 21. Bf4
a6 22. Nd4 Qa7 23. Be3 Bxg3 1/2-1/2

[Event "World Youth Chess Championship 2016 O14"]
[Site "Khanty Mansiysk"]
[Date "2016.09.22"]
[Round "1.15"]
[White "Quirhuayo Chumbe, German Gonza"]
[Black "Mochalin, Faddey"]
[Result "1-0"]
[WhiteElo "2255"]
[BlackElo "1912"]
[PlyCount "69"]
[EventDate "2016.09.22"]

1. e4 e6 2. d4 d5 3. Nc3 Bb4 4. a3 Bxc3+ 5. bxc3 dxe4 6. Qg4 Nf6 7. Qxg7 Rg8 8.
Qh6 Nbd7 9. Ne2 b6 10. Ng3 Qe7 11. a4 Bb7 12. a5 O-O-O 13. axb6 axb6 14. Ba3 c5
15. Be2 Rg6 16. Qd2 e3 17. Qxe3 Nd5 18. Qd2 Qh4 19. O-O-O Rgg8 20. Bf3 f5 21.
Rhe1 Qf6 22. Bb2 c4 23. Qe2 Rge8 24. Qxc4+ Kb8 25. Qd3 Qg5+ 26. Kb1 Nc7 27.
Bxb7 Kxb7 28. c4 Ra8 29. Qf3+ Ka7 30. Rd3 Qe7 31. Nxf5 Qb4 32. Ra3+ Na6 33. c3
Qxc4 34. Nd6 Qc7 35. Nb5+ 1-0

[Event "World Youth Chess Championship 2016 O14"]
[Site "Khanty Mansiysk"]
[Date "2016.09.22"]
[Round "1.16"]
[White "Dolgikh, Evgeniy"]
[Black "Stoleriu, George"]
[Result "0-1"]
[WhiteElo "1904"]
[BlackElo "2247"]
[PlyCount "126"]
[EventDate "2016.09.22"]

1. d4 Nf6 2. c4 e6 3. Nc3 Bb4 4. e3 O-O 5. Nge2 b6 6. a3 Be7 7. Nf4 Bb7 8. f3
d6 9. e4 c5 10. d5 e5 11. Nd3 Na6 12. Be3 Nc7 13. Nf2 Bc8 14. Bd3 a6 15. b4 Nh5
16. g3 Bg5 17. Qd2 Bxe3 18. Qxe3 Bd7 19. Ne2 Qe7 20. g4 Nf6 21. Ng3 Rfb8 22.
O-O cxb4 23. axb4 a5 24. b5 Ra7 25. g5 Nfe8 26. Nf5 Bxf5 27. exf5 f6 28. h4 Na8
29. Ng4 Qc7 30. Kh1 fxg5 31. hxg5 Qc5 32. Qd2 Qd4 33. f6 gxf6 34. gxf6 Kh8 35.
Ra3 Nxf6 36. Qh6 Nxg4 37. fxg4 Qxg4 38. Rg1 Qf3+ 39. Rg2 Qf4 40. Qxd6 Rf8 41.
Be2 Raf7 42. Rh3 Qc1+ 43. Kh2 Qf4+ 44. Kh1 Rg7 45. Rxg7 Kxg7 46. Qa3 Qe4+ 47.
Bf3 Qf4 48. d6 Qd4 49. d7 Rf7 50. Rg3+ Kh8 51. Bxa8 Rf1+ 52. Kg2 Rf2+ 53. Kh3
Qxd7+ 54. Rg4 Rf4 55. Qg3 h5 56. Bf3 hxg4+ 57. Bxg4 Qh7+ 58. Kg2 a4 59. c5 bxc5
60. b6 a3 61. Bf3 Qg7 62. b7 Qxg3+ 63. Kxg3 Rb4 0-1

[Event "World Youth Chess Championship 2016 O14"]
[Site "Khanty Mansiysk"]
[Date "2016.09.22"]
[Round "1.17"]
[White "Semjonovs, Ilja"]
[Black "Kizatbay, Abyl"]
[Result "1-0"]
[WhiteElo "2245"]
[BlackElo "1892"]
[PlyCount "75"]
[EventDate "2016.09.22"]

1. d4 Nf6 2. Bg5 Ne4 3. Bf4 c5 4. f3 Qa5+ 5. c3 Nf6 6. Qd2 d5 7. e3 Nc6 8. Bd3
g6 9. Ne2 Bg7 10. O-O O-O 11. Bg3 Rd8 12. Qc1 Bf5 13. Bxf5 gxf5 14. Qc2 e6 15.
Nd2 cxd4 16. exd4 Rac8 17. Qd3 Nd7 18. Kh1 Qb6 19. f4 Na5 20. b3 Nf6 21. Bh4
Rd7 22. Bxf6 Bxf6 23. Nf3 Nc6 24. Ng3 Qa6 25. Qe3 Ne7 26. Nh5 Bh8 27. Ne5 Rdc7
28. c4 dxc4 29. Nxc4 b5 30. Ne5 Rc3 31. Qe1 Ng6 32. Rd1 Qxa2 33. d5 Bxe5 34.
fxe5 Rc2 35. Qg3 exd5 36. Nf6+ Kg7 37. Qh3 Kf8 38. Qxh7 1-0

[Event "World Youth Chess Championship 2016 O14"]
[Site "Khanty Mansiysk"]
[Date "2016.09.22"]
[Round "1.18"]
[White "Osaka, Takuma"]
[Black "Olsen, Filip Boe"]
[Result "0-1"]
[WhiteElo "1888"]
[BlackElo "2241"]
[PlyCount "58"]
[EventDate "2016.09.22"]

1. d4 d5 2. c4 c6 3. Nf3 Nf6 4. Nc3 e6 5. Bg5 dxc4 6. e4 b5 7. e5 h6 8. Bh4 g5
9. Nxg5 hxg5 10. Bxg5 Nbd7 11. exf6 Bb7 12. g3 c5 13. d5 Qb6 14. Bg2 O-O-O 15.
O-O b4 16. Na4 Qb5 17. a3 Nb8 18. axb4 cxb4 19. Be3 Bxd5 20. Bxd5 Rxd5 21. Qc2
Nc6 22. Rfc1 Rd3 23. Qe2 Ne5 24. f4 Rxh2 25. Kxh2 Rxe3 26. Qf1 Ng4+ 27. Kg2
Qd5+ 28. Kh3 Qh5+ 29. Kg2 Qh2# 0-1

[Event "World Youth Chess Championship 2016 O14"]
[Site "Khanty Mansiysk"]
[Date "2016.09.22"]
[Round "1.19"]
[White "Peng, Hongchi"]
[Black "Slater-Jones, Henry"]
[Result "1-0"]
[WhiteElo "2241"]
[BlackElo "1825"]
[PlyCount "63"]
[EventDate "2016.09.22"]

1. d4 Nf6 2. c4 g6 3. Nc3 Bg7 4. e4 d6 5. Nf3 O-O 6. Be2 e5 7. O-O Nc6 8. d5
Ne7 9. b4 a5 10. Ba3 axb4 11. Bxb4 b6 12. a4 Ne8 13. Nb5 f5 14. a5 bxa5 15.
Rxa5 Rxa5 16. Bxa5 Bd7 17. exf5 Bxb5 18. cxb5 Nxf5 19. Qc2 Bh6 20. Bd3 Qd7 21.
Qc6 Qxc6 22. dxc6 Ne7 23. Re1 Kh8 24. Bc4 Rf6 25. Nxe5 dxe5 26. Rxe5 Bf8 27.
Bc3 Kg7 28. Re6 g5 29. b6 cxb6 30. c7 Ng6 31. Bxf6+ Nxf6 32. c8=Q 1-0

[Event "World Youth Chess Championship 2016 O14"]
[Site "Khanty Mansiysk"]
[Date "2016.09.22"]
[Round "1.20"]
[White "Piccoli, Lucas Fonseca"]
[Black "Remizov, Yaroslav"]
[Result "1-0"]
[WhiteElo "1816"]
[BlackElo "2218"]
[PlyCount "101"]
[EventDate "2016.09.22"]

1. c4 e6 2. Nc3 d5 3. cxd5 exd5 4. d4 c6 5. Bf4 Bd6 6. Bxd6 Qxd6 7. e3 Bf5 8.
Bd3 Bxd3 9. Qxd3 Nf6 10. Nf3 Nbd7 11. O-O O-O 12. Rab1 Rae8 13. b4 Ne4 14. Nd2
f5 15. f3 Nxd2 16. Qxd2 Qh6 17. Rbe1 Nb6 18. Qd3 Nc4 19. Nd1 b5 20. Re2 Qd6 21.
Qc3 f4 22. Rfe1 fxe3 23. Nxe3 Qg6 24. Nc2 Rxe2 25. Rxe2 h5 26. a3 Rf6 27. Kh1
Re6 28. Qe1 Rxe2 29. Qxe2 Kh7 30. Kg1 Qg5 31. Qe1 Qf5 32. Qc3 Qf6 33. Qe1 g5
34. Kh1 a6 35. Kg1 Qf5 36. Qc3 Kg7 37. g3 g4 38. Ne1 Qb1 39. fxg4 hxg4 40. Kf1
Qe4 41. Ng2 Kg6 42. Kf2 Qb1 43. Ne3 Qa2+ 44. Kg1 Qe2 45. Nf1 Kg7 46. Qc1 Qd3
47. Qf4 Qg6 48. Qb8 Qf6 49. Qb7+ Kg6 50. Qxa6 Qe6 51. Qb7 1-0

[Event "World Youth Chess Championship 2016 O14"]
[Site "Khanty Mansiysk"]
[Date "2016.09.22"]
[Round "1.21"]
[White "Zhalmakhanov, Ramazan"]
[Black "Akulov, Lev"]
[Result "1-0"]
[WhiteElo "2211"]
[BlackElo "1810"]
[PlyCount "55"]
[EventDate "2016.09.22"]

1. e4 c5 2. Nf3 d6 3. d4 cxd4 4. Nxd4 Nf6 5. Nc3 a6 6. Bc4 e6 7. O-O Nc6 8. Be3
Be7 9. f4 Qc7 10. Bb3 O-O 11. f5 Nxd4 12. Qxd4 b5 13. fxe6 fxe6 14. Nd5 Nxd5
15. exd5 e5 16. Qxe5 Bf6 17. Qf4 Bb7 18. Bd4 Rae8 19. Rae1 Bxd4+ 20. Qxd4 Rxf1+
21. Rxf1 Qe7 22. a4 Qe3+ 23. Qxe3 Rxe3 24. axb5 axb5 25. Ra1 Re5 26. Ra5 b4 27.
Rb5 Bc6 28. dxc6+ 1-0

[Event "World Youth Chess Championship 2016 O14"]
[Site "Khanty Mansiysk"]
[Date "2016.09.22"]
[Round "1.22"]
[White "Balashov, Egor"]
[Black "Ibrahimli, Murad"]
[Result "0-1"]
[WhiteElo "1799"]
[BlackElo "2203"]
[PlyCount "88"]
[EventDate "2016.09.22"]

1. d4 Nf6 2. Nf3 g6 3. Nc3 d5 4. Bf4 Bg7 5. e3 O-O 6. Be2 c5 7. Ne5 Nc6 8. O-O
cxd4 9. exd4 Qb6 10. Nxc6 Qxc6 11. Bb5 Qb6 12. a4 a6 13. a5 Qd8 14. Be2 Bf5 15.
Re1 Rc8 16. Bf3 Rc4 17. Be5 Ne4 18. Bxe4 dxe4 19. Bxg7 Kxg7 20. d5 Qc8 21. h3
h5 22. Ra4 h4 23. Qe2 Rxa4 24. Nxa4 Rd8 25. b4 Qd7 26. Nb6 Qd6 27. c3 e6 28.
Qb2 exd5 29. Rd1 Be6 30. Nxd5 Bxd5 31. c4+ Qf6 32. Qd2 Qe5 33. cxd5 Rd6 34. Kf1
g5 35. Ke2 Kg6 36. Qd4 Qxd4 37. Rxd4 f5 38. g4 hxg3 39. fxg3 Kf6 40. g4 Ke5 41.
Rc4 f4 42. Rc7 b6 43. Re7+ Kd4 44. Rg7 bxa5 0-1

[Event "World Youth Chess Championship 2016 O14"]
[Site "Khanty Mansiysk"]
[Date "2016.09.22"]
[Round "1.23"]
[White "Tomasi, Albert"]
[Black "Varbanov, Vladimir"]
[Result "1-0"]
[WhiteElo "2200"]
[BlackElo "1794"]
[PlyCount "68"]
[EventDate "2016.09.22"]

1. e4 e6 2. d4 d5 3. Nc3 Bb4 4. a3 Bxc3+ 5. bxc3 dxe4 6. Qg4 Nf6 7. Qxg7 Rg8 8.
Qh6 Rg6 9. Qe3 Nc6 10. Ne2 Ne7 11. c4 Bd7 12. Nf4 Rg8 13. Rb1 Bc6 14. Qc3 Nf5
15. d5 exd5 16. Qe5+ Qe7 17. Qxf5 Bd7 18. Nxd5 Bxf5 19. Nxe7 Kxe7 20. Rxb7 Kd7
21. Bf4 Ne8 22. c5 Kc6 23. Rb1 a6 24. Be2 Kxc5 25. O-O Bh3 26. g3 Bg4 27. f3
Bh5 28. Rb4 exf3 29. Bxf3 Bxf3 30. Rxf3 Nd6 31. Rf1 Rad8 32. Rd1 Kc6 33. Rd3
Rg7 34. Rc3+ Kd7 1-0

[Event "World Youth Chess Championship 2016 O14"]
[Site "Khanty Mansiysk"]
[Date "2016.09.22"]
[Round "1.24"]
[White "Sabirov, Timur"]
[Black "Roseneck, Jonas"]
[Result "0-1"]
[WhiteElo "1791"]
[BlackElo "2178"]
[PlyCount "110"]
[EventDate "2016.09.22"]

1. e4 c5 2. Nf3 d6 3. d4 cxd4 4. Nxd4 Nf6 5. Nc3 a6 6. Be2 e6 7. Be3 Nbd7 8.
O-O b5 9. a3 Bb7 10. f3 Be7 11. Qd2 O-O 12. Rfd1 Qc7 13. Bxb5 axb5 14. Ndxb5
Qc6 15. Nxd6 Rfd8 16. Ndb5 Ne5 17. Nd4 Qc8 18. Bf2 Nc4 19. Qe2 Nxb2 20. Rdb1
Qxc3 21. Qb5 Ba6 22. Qxb2 Qxb2 23. Rxb2 Bc5 24. c3 Rab8 25. Rc2 Rb6 26. a4 e5
27. Nf5 Bxf2+ 28. Kxf2 g6 29. Ne3 Rb3 30. Nd1 Kf8 31. Nb2 Rdb8 32. Ra2 Nd7 33.
Ke3 Nc5 34. a5 Ke7 35. Na4 Nxa4 36. Rxa4 Rc8 37. Kd2 Rd8+ 38. Kc1 Bd3 39. Rb2
Rxc3+ 40. Kd1 Rc4 41. Rxc4 Bxc4+ 42. Kc2 Ba6 43. Rb6 Rd6 44. Rb8 Rd7 45. Rb6
Rd6 46. Rb8 Rc6+ 47. Kb3 Rc4 48. Ka3 Rc1 49. Ra8 Rc6 50. Kb4 Bf1 51. g3 Be2 52.
h4 Bxf3 53. Kb5 Bxe4 54. Ra7+ Ke6 55. a6 Rd6 0-1

[Event "World Youth Chess Championship 2016 O14"]
[Site "Khanty Mansiysk"]
[Date "2016.09.22"]
[Round "1.25"]
[White "Pitzanti, Matteo"]
[Black "Vaino, Nikita"]
[Result "1-0"]
[WhiteElo "2175"]
[BlackElo "1781"]
[PlyCount "59"]
[EventDate "2016.09.22"]

1. e4 c6 2. Nc3 d5 3. Nf3 d4 4. Ne2 c5 5. c3 Bg4 6. Ne5 Bxe2 7. Qb3 c4 8. Qb5+
Nd7 9. Bxe2 d3 10. Bd1 Ngf6 11. Nxd7 Nxd7 12. Qxc4 Nb6 13. Qb5+ Qd7 14. Qg5 h6
15. Qg3 e6 16. a4 O-O-O 17. a5 Nc4 18. Ra4 Bd6 19. Qxd3 Qe7 20. O-O f5 21. e5
Nxe5 22. Qe2 g5 23. d3 Bc5 24. Re1 Kb8 25. d4 Bd6 26. b4 Bc7 27. Ra1 Bd6 28.
Ba4 Ng6 29. Ba3 f4 30. Qb2 1-0

[Event "World Youth Chess Championship 2016 O14"]
[Site "Khanty Mansiysk"]
[Date "2016.09.22"]
[Round "1.26"]
[White "Ogorodnikov, Nikolai"]
[Black "Pavlov, Danila"]
[Result "0-1"]
[WhiteElo "1774"]
[BlackElo "2157"]
[PlyCount "60"]
[EventDate "2016.09.22"]

1. c4 g6 2. Nc3 Bg7 3. d4 Nf6 4. e4 d6 5. Be3 O-O 6. Bd3 Ng4 7. Nf3 Nc6 8. Qd2
Nxe3 9. fxe3 e6 10. O-O b6 11. a3 a5 12. Rab1 Bb7 13. Be2 h6 14. d5 Ne5 15. Nd4
Bc8 16. b4 h5 17. Rfc1 Bh6 18. Nd1 axb4 19. axb4 Qh4 20. Nf2 f5 21. g3 Qg5 22.
Nxe6 Bxe6 23. dxe6 Qxe3 24. Qd5 fxe4 25. e7+ Kh7 26. exf8=Q Rxf8 27. Rf1 Qxe2
28. Rbe1 Nf3+ 29. Kg2 Nxe1+ 30. Kg1 e3 0-1

[Event "World Youth Chess Championship 2016 O14"]
[Site "Khanty Mansiysk"]
[Date "2016.09.22"]
[Round "1.27"]
[White "Hua, Eugene"]
[Black "Essa, Naseem Ahmed"]
[Result "1-0"]
[WhiteElo "2142"]
[BlackElo "1771"]
[PlyCount "25"]
[EventDate "2016.09.22"]

1. c4 e5 2. g3 Nc6 3. Nc3 Bb4 4. Nd5 f5 5. Nf3 Be7 6. d4 e4 7. Nh4 d6 8. Bh3 f4
9. Bxc8 Rxc8 10. Nf5 Bf6 11. Qc2 Nge7 12. Nxf6+ gxf6 13. Qxe4 1-0

[Event "World Youth Chess Championship 2016 O14"]
[Site "Khanty Mansiysk"]
[Date "2016.09.22"]
[Round "1.28"]
[White "Araoz Andrade, Ivan Alexander"]
[Black "Zhou, Junfeng"]
[Result "0-1"]
[WhiteElo "1746"]
[BlackElo "2125"]
[PlyCount "100"]
[EventDate "2016.09.22"]

1. d4 Nf6 2. c4 g6 3. Nc3 d5 4. cxd5 Nxd5 5. e4 Nxc3 6. bxc3 Bg7 7. Ba3 O-O 8.
Nf3 Nd7 9. Bc4 c5 10. O-O b6 11. Qe2 Bb7 12. e5 e6 13. Nd2 Qc7 14. Rac1 Rfd8
15. f3 a6 16. Ne4 b5 17. Bd3 Bxe4 18. Bxe4 Rac8 19. f4 Qa5 20. Qb2 Bf8 21. Rb1
cxd4 22. Bxf8 Nxf8 23. cxd4 Rc4 24. Rbd1 Qa4 25. Qb3 Rdxd4 26. Rxd4 Rxd4 27.
Bc2 Qxb3 28. Bxb3 Nd7 29. Rd1 Rxd1+ 30. Bxd1 Nb6 31. Kf2 Nd5 32. g3 Kf8 33. Bb3
Ke7 34. Ke2 Kd7 35. Kd3 Kc6 36. a4 Kc5 37. axb5 axb5 38. Ke4 Nc3+ 39. Ke3 Kb4
40. Bc2 Nd5+ 41. Ke4 Kc3 42. Bd1 b4 43. g4 b3 44. Bxb3 Kxb3 45. f5 Kc4 46. h4
Ne7 47. h5 gxf5+ 48. gxf5 Nxf5 49. Kf3 Kd5 50. Kf4 h6 0-1